Penzión Michal na Ostrove
Saved in:
| Main Author: | |
|---|---|
| Other Authors: | |
| Format: | Manuscript Book |
| Language: | Slovak |
| Published: |
2015
|
| Subjects: | |
| Online Access: | http://is.stuba.sk/zp/portal_zp.pl?podrobnosti=80629 https://opac.crzp.sk/?fn=detailBiblioForm&sid=FF44C990A7CA883E4C8958929FD7 |
| Tags: |
No Tags, Be the first to tag this record!
|
MARC
| LEADER | 00000ntm a22000003a 4500 | ||
|---|---|---|---|
| 001 | stuzp49854 | ||
| 003 | SK-STU | ||
| 005 | 20230818131551.4 | ||
| 007 | ta | ||
| 008 | 150427s2015----xo-----f-mn---000-0-slo-d | ||
| 040 | |a STU |b slo | ||
| 041 | 0 | |a slo | |
| 100 | 1 | |a Šimek, Richard |u 010310 |4 aut |U SvF Stavebná fakulta |T SvF Katedra architektúry |X 7576 |U V181|V310 |Y 19 |7 7576 | |
| 242 | 0 | 1 | |a The Boarding House in Michal na Ostrove |y eng |
| 245 | 1 | 0 | |a Penzión Michal na Ostrove |
| 260 | |c 2015 | ||
| 650 | 4 | |a Penzión |2 slo | |
| 650 | 4 | |a Sprievodná správa |2 slo | |
| 650 | 4 | |a Technická správa |2 slo | |
| 650 | 4 | |a The Boarding House |2 eng | |
| 650 | 4 | |a Accompanying report |2 eng | |
| 650 | 4 | |a Technical Report |2 eng | |
| 700 | 1 | |a Mudrončík, Miloslav |4 ths |X 43277 |7 A000043277 | |
| 856 | 4 | |u http://is.stuba.sk/zp/portal_zp.pl?podrobnosti=80629 | |
| 856 | 4 | |u https://opac.crzp.sk/?fn=detailBiblioForm&sid=FF44C990A7CA883E4C8958929FD7 | |
| SQL | |a stuzp49854 |b DBP |c SLO |d Penzión Michal na Ostrove |e 7576 |f Šimek, Richard |g 010310 |h 43277 |i Mudrončík, Miloslav |j 20150623 |k 4 |l 01 |m http://is.stuba.sk/zp/portal_zp.pl?podrobnosti=80629 |n B-PSA |o 5.1.4. pozemné stavby, 5.1.1. architektúra a urbanizmus | ||